00358nam a2200145Ia 4500008004100000020001800041041001200059082002000071100001800091245002500109250001200134260004300146300001200189500001100201231221s9999 xx 000 0 und d a81-224-1481-8 aEnglish a641.3 SRI;1 R aSrilakshmi, B 0aFood Science (2005 - a3rd ed. c2003bNew Age InternationalaNew Delhi axiv+401 aE.-509